00769nam a22002057a 450000500170000001000150001702000260003203500140005803700090007208200130008110000260009424500750012025000060019526000410020127001060024230000200034894200240036899900190039295201520041120260212142521.0 aENG-147813 a9789391766634c495.00 aEN-131345 bDBAD a158.421 aSharma, Sudesh987353 aFrom Dream to Sucess:bHow to Choose the Right Career?/cSudesh Sharma a1 aNew DelhibAtharv Publicationsc2025 bNew Delhia110, Ist Floor, Gali No. 4, Harphool Vihar, Bapraulae110043matharvpublications@gmail.com a136p.c22cm(pb) 2ddccENh158.4mSHA c214847d214847 001040708NFICaMbMd2026-02-12eDelivery of Books Act Divisiong495.00l0o158.4 SHApEN-131345r2026-02-12 00:00:00t1v495.00w2026-02-12yEN